00982cac a22002291u 4500008004100000010001700041020003500058020001500093082001900108245008100127250001200208260004200220300006700262500002200329505004900351650002300400700002800423942002000451999001300471952012600484952014200610081215s2002 nyu|||||r|||| 00| 0 eng d a 2001268002 a0471412899 (v. 1 : alk. paper) a047138228000a657bWُEY22210aAccounting principles /cJerry J. Weygandt, Donald E. Kieso, Paul D. Kimmel. a6th ed. aNew York :bJohn Wiley & Sons,c2002. a1 v. :bcol. ill. ;c28 +e1 computer optical disc (4 3/4 in.) aIncludes indexes.1 av. 1. Chapters 1-13 -- v. 2. Chapters 14-27. 0aAccounting.9333271 aKieso, Donald E.933328 cBBk657WEY2ddc c321d321 00102ddc40708 aMAINbMAINc1STd2006-03-01epurchaseg350.00l1o657 WEYp000004339r2025-07-15 00:00:00v437.50yNB 00102ddc40708 aMAINbMAINc1STd2006-03-01epurchaseg350.00l8m45o657 WEYp000004338r2025-07-15 00:00:00s2022-03-17v437.50yBB